[Event "Macskasy mem C"]
[Site "Vancouver CAN"]
[Date "2005.07.30"]
[Round "2.1"]
[White "Raymer, Evan"]
[Black "Milner, Aviv"]
[Result "1-0"]
[WhiteElo "1653"]
[BlackElo "1517"]
[PlyCount "110"]
[GameId "2160767910900797"]
[EventDate "2005.07.30"]
[EventType "tourn"]
[EventRounds "5"]
[EventCountry "CAN"]
[SourceTitle "Scoresheets"]

1. e4 c6 2. d4 d5 3. exd5 cxd5 4. c4 Nf6 5. Nc3 e6 6. Nf3 Nc6 7. Bf4 Bd6 8. Bxd6 Qxd6 9. c5 Qd8 10. Nb5 O-O 11. Nd6 Qa5+ 12. Qd2 Qxd2+ 13. Kxd2 Ne4+ 14. Nxe4 dxe4 15. Ng5 f5 16. Ke3 h6 17. Nh3 Rd8 18. Rd1 Nb4 19. Rc1 Nc6 20. Rc4 g5 21. Be2 Ne7 22. f3 Nd5+ 23. Kd2 Nf6 24. Nf2 exf3 25. gxf3 Nd5 26. Nd3 Bd7 27. h4 Bb5 28. Rcc1 Nc7 29. hxg5 hxg5 30. Rcg1 Kg7 31. Rxg5+ Kf6 32. f4 Rxd4 33. Rh6+ Ke7 34. Rg7+ Kd8 35. Rh8+ Be8 36. Bh5 Rd7 37. Rxd7+ Kxd7 38. Ne5+ Ke7 39. Rh7+ Kd8 40. Bxe8 Nxe8 41. Rxb7 Nc7 42. b4 Nd5 43. Rh7 Kc8 44. Nc6 a6 45. Ne7+ Nxe7 46. Rxe7 Rb8 47. Re8+ Kc7 48. Rxb8 Kxb8 49. a4 Ka7 50. b5 Kb7 51. bxa6+ Kxa6 52. Kd3 Kb7 53. a5 Kc6 54. a6 Kc7 55. Kd4 Kc6 1-0

[Event "Macskasy mem C"]
[Site "Vancouver CAN"]
[Date "2005.07.30"]
[Round "2.2"]
[White "Han, Yiming"]
[Black "Cheng, Jack"]
[Result "0-1"]
[WhiteElo "1330"]
[BlackElo "1597"]
[PlyCount "82"]
[GameId "2160767910900798"]
[EventDate "2005.07.30"]
[EventType "tourn"]
[EventRounds "5"]
[EventCountry "CAN"]
[SourceTitle "Scoresheets"]

1. e4 e5 2. Nf3 Nc6 3. d4 exd4 4. Nxd4 Nf6 5. Nc3 Bb4 6. Nxc6 bxc6 7. Bd3 d5 8. exd5 cxd5 9. O-O O-O 10. Bg5 c6 11. Re1 h6 12. Bh4 Bd6 13. Na4 Be6 14. Qf3 Rb8 15. b3 Rb4 16. Bg3 c5 17. a3 Rb8 18. Rad1 Bg4 19. Qe3 Bxd1 20. Rxd1 Re8 21. Qf3 Bxg3 22. Qxg3 Qa5 23. h3 c4 24. Bf5 cxb3 25. cxb3 Re1+ 26. Rxe1 Qxe1+ 27. Kh2 Re8 28. Qf3 Qe5+ 29. g3 Qa1 30. Nc3 d4 31. Nb5 Rb8 32. Nxa7 Qc3 33. Qxc3 dxc3 34. b4 Rb7 35. Nc6 Rc7 36. Nd4 g6 37. Bc2 Rd7 38. Nb3 Re7 39. Nd4 Rd7 40. Nb3 Nd5 41. Nc5 Ra7 0-1

[Event "Macskasy mem C"]
[Site "Vancouver CAN"]
[Date "2005.07.30"]
[Round "2.3"]
[White "Daswani, Benedict"]
[Black "Kostin, Andrey"]
[Result "1/2-1/2"]
[WhiteElo "1938"]
[BlackElo "1943"]
[PlyCount "38"]
[GameId "2160767910900799"]
[EventDate "2005.07.30"]
[EventType "tourn"]
[EventRounds "5"]
[EventCountry "CAN"]
[SourceTitle "Scoresheets"]

1. d4 d5 2. c4 Nc6 3. Nf3 Bg4 4. e3 e5 5. cxd5 Qxd5 6. Nc3 Bb4 7. Nd2 Qd7 8. f3 exd4 9. exd4 Be6 10. Bb5 O-O-O 11. Qa4 Qxd4 12. Bxc6 bxc6 13. Qxc6 Nf6 14. Qa6+ Kd7 15. Ne2 Qb6 16. Qxb6 cxb6 17. a3 Bxd2+ 18. Bxd2 Rhe8 19. O-O Kc8 1/2-1/2

[Event "Macskasy mem C"]
[Site "Vancouver CAN"]
[Date "2005.07.31"]
[Round "3.1"]
[White "Kostin, Andrey"]
[Black "Milner, Aviv"]
[Result "1-0"]
[WhiteElo "1943"]
[BlackElo "1517"]
[PlyCount "53"]
[GameId "2160767910900800"]
[EventDate "2005.07.30"]
[EventType "tourn"]
[EventRounds "5"]
[EventCountry "CAN"]
[SourceTitle "Scoresheets"]

1. d4 c6 2. c4 d5 3. Nc3 dxc4 4. e4 b5 5. a4 b4 6. Na2 a5 7. Bxc4 Ba6 8. b3 Nf6 9. e5 Nd5 10. Nf3 e6 11. Bd2 c5 12. Rc1 Nb6 13. Bg5 Qd7 14. Bxa6 Nxa6 15. O-O Be7 16. Bxe7 Qxe7 17. dxc5 Nxc5 18. Nd4 Rd8 19. Qg4 g6 20. Nc6 Qf8 21. Nxd8 Kxd8 22. Qd4+ Ncd7 23. Rfd1 Nd5 24. Qa7 Nxe5 25. Rxd5+ exd5 26. Qc7+ Ke8 27. Qxe5+ 1-0

[Event "Macskasy mem C"]
[Site "Vancouver CAN"]
[Date "2005.07.31"]
[Round "3.2"]
[White "Cheng, Jack"]
[Black "Daswani, Benedict"]
[Result "0-1"]
[WhiteElo "1597"]
[BlackElo "1938"]
[PlyCount "192"]
[GameId "2160767910900801"]
[EventDate "2005.07.30"]
[EventType "tourn"]
[EventRounds "5"]
[EventCountry "CAN"]
[SourceTitle "Scoresheets"]

1. e4 g6 2. d4 d6 3. Nc3 Bg7 4. Nf3 Nf6 5. Be2 Nbd7 6. O-O O-O 7. h3 c5 8. e5 Ne8 9. exd6 Nxd6 10. dxc5 Nxc5 11. Be3 Qa5 12. Bd4 Bh6 13. Bxc5 Qxc5 14. Qd5 Qb4 15. Qb3 Qa5 16. Qd5 Qc7 17. Qd1 e6 18. Bd3 Bg7 19. Qe1 Bd7 20. Ne5 Be8 21. Rb1 Rc8 22. Nd1 Nb5 23. Nf3 Bc6 24. c4 Bxf3 25. cxb5 Bd5 26. b3 Rfd8 27. Qe2 Qc5 28. Ne3 Qa3 29. Nxd5 Rxd5 30. Bc4 Rd7 31. Rfd1 Rcd8 32. Rxd7 Rxd7 33. Rd1 Rxd1+ 34. Qxd1 Qxa2 35. Qd8+ Bf8 36. Qc8 Qa1+ 37. Bf1 b6 38. Qc4 Qe5 39. Qe2 Qg5 40. Qe3 Qf6 41. Be2 Bc5 42. Qf3 Qd4 43. Qa8+ Kg7 44. Qf3 Qd2 45. Bf1 e5 46. Qg3 Bd4 47. Qf3 e4 48. Qe2 Qf4 49. g4 f5 50. Bg2 Qc1+ 51. Bf1 Qc3 52. gxf5 gxf5 53. Kh1 Qc5 54. Kg1 Kg6 55. h4 h5 56. Kg2 Bf6 57. Kh3 Qc3+ 58. Qe3 Qxe3+ 59. fxe3 Bc3 60. Kg3 Be1+ 61. Kf4 Bxh4 62. Bh3 Bg5+ 63. Ke5 Bxe3 64. Bxf5+ Kg5 65. Bxe4 Kg4 66. Kd6 Kf4 67. Bh1 h4 68. Kc6 Kg3 69. Kb7 h3 70. Kxa7 Kf2 71. Kb7 h2 72. Kc6 Kg1 73. Be4 h1=Q 74. Bxh1 Kxh1 75. Kd5 Kg2 76. Kc4 Kf3 77. Kd3 Bg1 78. Kc3 Ke4 79. Kc4 Ke5 80. b4 Ke4 81. Kc3 Kd5 82. Kd3 Bd4 83. Kd2 Kc4 84. Kc2 Kxb4 85. Kd3 Bg1 86. Kc2 Kxb5 87. Kb3 Bf2 88. Kb2 Kb4 89. Kb1 Kb3 90. Ka1 Kc2 91. Ka2 Bc5 92. Ka1 b5 93. Ka2 b4 94. Ka1 Bf8 95. Ka2 b3+ 96. Ka1 Bg7# 0-1

[Event "Macskasy mem C"]
[Site "Vancouver CAN"]
[Date "2005.07.31"]
[Round "3.3"]
[White "Raymer, Evan"]
[Black "Han, Yiming"]
[Result "1-0"]
[WhiteElo "1653"]
[BlackElo "1330"]
[PlyCount "97"]
[GameId "2160767910900802"]
[EventDate "2005.07.30"]
[EventType "tourn"]
[EventRounds "5"]
[EventCountry "CAN"]
[SourceTitle "Scoresheets"]

1. e4 e5 2. Nf3 Nc6 3. Bc4 Nf6 4. d3 Bc5 5. Nc3 d6 6. h3 Na5 7. Bb3 Nxb3 8. axb3 c6 9. O-O h6 10. Na4 Bb4 11. Be3 O-O 12. Nb6 Rb8 13. Rxa7 Re8 14. Nxc8 Qxc8 15. c3 Bc5 16. Bxc5 dxc5 17. Qe2 b5 18. Rfa1 Rb7 19. Qe3 c4 20. dxc4 bxc4 21. b4 Qc7 22. Nd2 Reb8 23. Nxc4 Nd7 24. Rxb7 Qxb7 25. Ra7 Qc8 26. Qd3 Ra8 27. Qxd7 Qxd7 28. Rxd7 f6 29. Rc7 Kh7 30. Rxc6 Rb8 31. Na3 Kg6 32. b5 Kf7 33. c4 Ke8 34. Kf1 Kd7 35. Ke2 Ra8 36. Ra6 Rb8 37. Ra7+ Kd6 38. Rxg7 Ke6 39. c5 Rc8 40. c6 Kd6 41. Rd7+ Kc5 42. Rd5+ Kb6 43. Nc4+ Ka7 44. Rd7+ Rc7 45. Rxc7+ Kb8 46. Rh7 Kc8 47. b6 Kd8 48. c7+ Kc8 49. Nd6# 1-0

[Event "Macskasy mem C"]
[Site "Vancouver CAN"]
[Date "2005.07.31"]
[Round "4.1"]
[White "Milner, Aviv"]
[Black "Han, Yiming"]
[Result "1-0"]
[WhiteElo "1517"]
[BlackElo "1330"]
[PlyCount "121"]
[GameId "2160767910900803"]
[EventDate "2005.07.30"]
[EventType "tourn"]
[EventRounds "5"]
[EventCountry "CAN"]
[SourceTitle "Scoresheets"]

1. e4 e5 2. Bc4 Bc5 3. Nc3 Nf6 4. d3 Nc6 5. f4 exf4 6. Bxf4 O-O 7. h3 Re8 8. Nf3 d5 9. Bb5 Qe7 10. Qe2 Bf5 11. Bxc6 bxc6 12. Ne5 Qd6 13. O-O-O Bd4 14. exf5 Bxe5 15. Bxe5 Rxe5 16. Qf2 Qb4 17. a3 Qb7 18. Rhe1 Rxe1 19. Rxe1 Rb8 20. Nd1 Nd7 21. g4 c5 22. Qd2 Nb6 23. Qe3 h6 24. Qxc5 Nd7 25. Qe3 c5 26. h4 c4 27. dxc4 dxc4 28. g5 hxg5 29. hxg5 c3 30. Qxc3 Rc8 31. Qh3 Qc7 32. c3 Qf4+ 33. Kb1 Qd2 34. Rh1 f6 35. Qh8+ Kf7 36. g6+ Ke7 37. Qxc8 Qd3+ 38. Ka1 Qxf5 39. Re1+ Kd6 40. Qa6+ Kc7 41. Qxa7+ Kc6 42. Qa8+ Kc7 43. Qe4 Qxe4 44. Rxe4 Ne5 45. Rxe5 fxe5 46. a4 Kc6 47. b4 e4 48. b5+ Kb6 49. c4 Kb7 50. c5 Ka7 51. a5 Kb7 52. a6+ Ka7 53. c6 e3 54. Nxe3 Kb8 55. b6 Ka8 56. b7+ Kb8 57. Nf5 Ka7 58. c7 Kxa6 59. b8=Q Ka5 60. c8=Q Ka4 61. Qa6# 1-0

[Event "Macskasy mem C"]
[Site "Vancouver CAN"]
[Date "2005.07.31"]
[Round "4.2"]
[White "Daswani, Benedict"]
[Black "Raymer, Evan"]
[Result "1-0"]
[WhiteElo "1938"]
[BlackElo "1653"]
[PlyCount "59"]
[GameId "2160767910900804"]
[EventDate "2005.07.30"]
[EventType "tourn"]
[EventRounds "5"]
[EventCountry "CAN"]
[SourceTitle "Scoresheets"]

1. e4 c5 2. Nc3 Nc6 3. d3 g6 4. g3 Bg7 5. Bg2 e6 6. Be3 Nd4 7. Nge2 Qa5 8. Bd2 d6 9. O-O b5 10. e5 Rb8 11. Nxd4 cxd4 12. Ne4 Qc7 13. Nxd6+ Kf8 14. Qe2 Bd7 15. Rac1 Ne7 16. Rfe1 Nf5 17. Bb4 Kg8 18. Nxf5 gxf5 19. Bd6 Qd8 20. Bxb8 Qxb8 21. c3 Bh6 22. f4 dxc3 23. Rxc3 Kg7 24. Rec1 Rc8 25. Rxc8 Bxc8 26. Qc2 Qb6+ 27. Qc5 Qxc5+ 28. Rxc5 Ba6 29. Rc6 Bb7 30. Rc7 1-0

[Event "Macskasy mem C"]
[Site "Vancouver CAN"]
[Date "2005.07.31"]
[Round "4.3"]
[White "Kostin, Andrey"]
[Black "Cheng, Jack"]
[Result "1/2-1/2"]
[WhiteElo "1943"]
[BlackElo "1597"]
[PlyCount "85"]
[GameId "2160767910900805"]
[EventDate "2005.07.30"]
[EventType "tourn"]
[EventRounds "5"]
[EventCountry "CAN"]
[SourceTitle "Scoresheets"]

1. e4 e5 2. Nf3 Nc6 3. Nc3 Nf6 4. Bb5 Bb4 5. d3 d6 6. O-O O-O 7. Bg5 Bxc3 8. bxc3 Qe7 9. h3 Nd8 10. Re1 Ne6 11. Bd2 a6 12. Ba4 b5 13. Bb3 c5 14. c4 Bd7 15. Qe2 h6 16. c3 Rfb8 17. Reb1 bxc4 18. Bxc4 a5 19. Be3 Nc7 20. Rb2 a4 21. Rab1 Qe8 22. Nh4 Qd8 23. Nf3 Qe8 24. Nh2 Qc8 25. f4 Ne6 26. fxe5 dxe5 27. Qf2 Rxb2 28. Rxb2 Rb8 29. Nf3 a3 30. Rxb8 Qxb8 31. Qg3 Nf4 32. Bxf4 exf4 33. Qf2 Qb1+ 34. Qe1 Qxe1+ 35. Nxe1 Ba4 36. Kf2 Kf8 37. Ke2 Ke7 38. Kd2 Nd7 39. Nc2 Bxc2 40. Kxc2 Ne5 41. Kb3 Nxc4 42. Kxc4 Kd6 43. Kb3 1/2-1/2

[Event "Macskasy mem C"]
[Site "Vancouver CAN"]
[Date "2005.08.01"]
[Round "5.1"]
[White "Cheng, Jack"]
[Black "Milner, Aviv"]
[Result "1/2-1/2"]
[WhiteElo "1597"]
[BlackElo "1517"]
[PlyCount "88"]
[GameId "2160767910900806"]
[EventDate "2005.07.30"]
[EventType "tourn"]
[EventRounds "5"]
[EventCountry "CAN"]
[SourceTitle "Scoresheets"]

1. e4 c6 2. d4 d5 3. e5 Bf5 4. Nf3 e6 5. Be2 Qb6 6. O-O c5 7. c3 Nc6 8. Qa4 a6 9. Nbd2 c4 10. Nh4 Bg6 11. Nxg6 hxg6 12. Nf3 Qa5 13. Qxa5 Nxa5 14. Bd1 b5 15. Bd2 Rb8 16. b4 Nc6 17. Bc2 Be7 18. a4 Kd7 19. Rfe1 Nh6 20. h3 Nf5 21. Bf4 Rb7 22. axb5 axb5 23. Ra6 Rhb8 24. Bxf5 gxf5 25. Bg5 Rb6 26. Rea1 Bf8 27. Rxb6 Rxb6 28. Ra8 Rb8 29. Rxb8 Nxb8 30. Kf1 Be7 31. Ke2 Bxg5 32. Nxg5 Ke7 33. f4 Nd7 34. Kd2 Nf8 35. g3 Nd7 36. Nf3 Kd8 37. Ke2 Nb6 38. Kd2 Nd7 39. Ne1 Kc7 40. Nc2 Kc6 41. Ne1 Kc7 42. Kc2 Nf8 43. Nf3 Kd8 44. Kd2 Nd7 1/2-1/2

[Event "Macskasy mem C"]
[Site "Vancouver CAN"]
[Date "2005.08.01"]
[Round "5.2"]
[White "Raymer, Evan"]
[Black "Kostin, Andrey"]
[Result "1-0"]
[WhiteElo "1653"]
[BlackElo "1943"]
[PlyCount "57"]
[GameId "2160767910900807"]
[EventDate "2005.07.30"]
[EventType "tourn"]
[EventRounds "5"]
[EventCountry "CAN"]
[SourceTitle "Scoresheets"]

1. e4 e5 2. Nf3 Nc6 3. Bc4 Nf6 4. d3 Be7 5. Nc3 O-O 6. Be3 d6 7. Qe2 Na5 8. Bb3 Nxb3 9. axb3 Be6 10. O-O Ng4 11. d4 f5 12. dxe5 fxe4 13. Nd4 Bc8 14. Qc4+ Kh8 15. Ndb5 Nxe5 16. Qxc7 Qe8 17. Nxd6 Qg6 18. Nxc8 Nf3+ 19. Kh1 Raxc8 20. Qxe7 Qh5 21. Qd6 Rf6 22. Qg3 Re8 23. gxf3 Rg6 24. Qf4 Rf6 25. Qg4 Qf7 26. Nxe4 Rg6 27. Qf4 Qd5 28. Rfd1 Qh5 29. Rg1 1-0

[Event "Macskasy mem C"]
[Site "Vancouver CAN"]
[Date "2005.08.01"]
[Round "5.3"]
[White "Han, Yiming"]
[Black "Daswani, Benedict"]
[Result "0-1"]
[WhiteElo "1330"]
[BlackElo "1938"]
[PlyCount "118"]
[GameId "2160767910900808"]
[EventDate "2005.07.30"]
[EventType "tourn"]
[EventRounds "5"]
[EventCountry "CAN"]
[SourceTitle "Scoresheets"]

1. e4 g6 2. d4 d6 3. c4 Bg7 4. Nf3 Nf6 5. Nc3 c5 6. dxc5 Qa5 7. cxd6 Nxe4 8. Bd2 Nxc3 9. Bxc3 Bxc3+ 10. bxc3 Qxc3+ 11. Nd2 Qe5+ 12. Be2 Qxd6 13. O-O O-O 14. Bf3 Nc6 15. Rc1 Nd4 16. Ne4 Nxf3+ 17. Qxf3 Qa6 18. Qb3 b6 19. c5 Be6 20. Qe3 Rac8 21. c6 Qa4 22. c7 Qa5 23. Rfd1 Qe5 24. Qd4 Qxd4 25. Rxd4 Bxa2 26. Ra4 Bd5 27. f3 Bxe4 28. Rxe4 e6 29. Ra4 Ra8 30. Rac4 Rfc8 31. Kf2 Kf8 32. Ke3 Ke7 33. Rd4 a5 34. Rh4 h5 35. Ra4 Ra7 36. Rc6 Rb7 37. Rac4 Kd7 38. Rc1 Rcxc7 39. Rxc7+ Rxc7 40. Rb1 Rc6 41. Rd1+ Kc7 42. Ra1 Kb7 43. Rd1 a4 44. Rd7+ Rc7 45. Rd4 b5 46. Rb4 Kb6 47. Rb1 a3 48. Ra1 b4 49. Kd2 Kb5 50. h3 Ka4 51. Rc1 Rxc1 52. Kxc1 b3 53. Kb1 Kb4 54. g3 Kc3 55. g4 a2+ 56. Ka1 Kc2 57. gxh5 b2+ 58. Kxa2 b1=Q+ 59. Ka3 Qb3# 0-1

[Event "Macskasy mem D"]
[Site "Vancouver CAN"]
[Date "2005.07.30"]
[Round "1.1"]
[White "Raymer, Elliot"]
[Black "Paulson, Stewart"]
[Result "1-0"]
[WhiteElo "1579"]
[BlackElo "1472"]
[PlyCount "85"]
[GameId "2160767910900809"]
[EventDate "2005.07.30"]
[EventType "tourn"]
[EventRounds "5"]
[EventCountry "CAN"]
[SourceTitle "Scoresheets"]

1. e4 e5 2. Nf3 Nc6 3. Bc4 Nf6 4. d3 Be7 5. Nc3 d6 6. h3 O-O 7. O-O Na5 8. Bb3 Nxb3 9. axb3 Be6 10. Be3 a6 11. d4 exd4 12. Nxd4 d5 13. Nxe6 fxe6 14. e5 Ne4 15. Qg4 Bg5 16. Qxe6+ Kh8 17. Qxd5 Bxe3 18. Qxe4 Bg5 19. Qxb7 Qd2 20. Ne4 Qf4 21. Nxg5 Qxg5 22. Qxc7 Rac8 23. Qd6 Rfd8 24. f4 Qh4 25. Qxa6 Qe7 26. c4 h6 27. Qa3 Qb7 28. Rfd1 Qe4 29. Rxd8+ Rxd8 30. Qe7 Rd2 31. Qe8+ Kh7 32. Qa8 Rd1+ 33. Rxd1 Qxa8 34. Re1 Qa7+ 35. Kf1 Qa2 36. e6 Qxb3 37. e7 Qxc4+ 38. Kg1 Qxf4 39. e8=Q Qd4+ 40. Qe3 Qxb2 41. Qd3+ g6 42. Re7+ Kh8 43. Qd8# 1-0

[Event "Macskasy mem D"]
[Site "Vancouver CAN"]
[Date "2005.07.30"]
[Round "1.2"]
[White "Chiang, Berthold"]
[Black "Milner, Arie"]
[Result "0-1"]
[WhiteElo "1428"]
[BlackElo "1511"]
[PlyCount "82"]
[GameId "2160767910900810"]
[EventDate "2005.07.30"]
[EventType "tourn"]
[EventRounds "5"]
[EventCountry "CAN"]
[SourceTitle "Scoresheets"]

1. e4 c6 2. d4 d5 3. e5 Bf5 4. Nc3 e6 5. g4 Bg6 6. h4 h6 7. h5 Bh7 8. Bd3 Bxd3 9. Qxd3 Qb6 10. Na4 Qb4+ 11. Nc3 a6 12. a3 Qb6 13. Na4 Qa5+ 14. Nc3 c5 15. Nge2 Nc6 16. Bd2 Qc7 17. O-O cxd4 18. Nxd4 Bc5 19. Nxc6 bxc6 20. Be3 Bxe3 21. Qxe3 Ne7 22. Rae1 c5 23. Qg3 Rb8 24. b3 Qa5 25. a4 Nc6 26. f4 Nd4 27. Rf2 Nc6 28. f5 d4 29. b4 Qxb4 30. Rb1 Qxc3 31. Rxb8+ Nxb8 32. Rf3 Qxc2 33. fxe6 Qc1+ 34. Rf1 Qe3+ 35. Qf2 Qxf2+ 36. Rxf2 fxe6 37. Kf1 Rf8 38. Rxf8+ Kxf8 39. Ke2 c4 40. Kd2 c3+ 41. Kd3 Nc6 0-1

[Event "Macskasy mem D"]
[Site "Vancouver CAN"]
[Date "2005.07.30"]
[Round "1.3"]
[White "Kirk, Adam"]
[Black "Han, Yifei"]
[Result "1-0"]
[WhiteElo "1449"]
[BlackElo "1408"]
[PlyCount "53"]
[GameId "2160767910900811"]
[EventDate "2005.07.30"]
[EventType "tourn"]
[EventRounds "5"]
[EventCountry "CAN"]
[SourceTitle "Scoresheets"]

1. e4 e5 2. Nf3 Nc6 3. Bc4 Nf6 4. Ng5 d5 5. exd5 Na5 6. Bb5+ c6 7. dxc6 bxc6 8. Ba4 h6 9. Nf3 e4 10. Ne5 Qc7 11. d4 Bd6 12. Nxc6 Nxc6 13. d5 Qa5+ 14. Nc3 Bb4 15. Bxc6+ Bd7 16. Bxa8 Bxc3+ 17. bxc3 Qxc3+ 18. Bd2 Qc8 19. Bc6 Bxc6 20. dxc6 Qxc6 21. Bb4 Qb6 22. Qd6 Qb7 23. O-O-O Nd5 24. Qe5+ Kd7 25. Rxd5+ Kc8 26. Rc5+ Kd8 27. Rd1+ 1-0

[Event "Macskasy mem D"]
[Site "Vancouver CAN"]
[Date "2005.07.30"]
[Round "2.1"]
[White "Paulson, Stewart"]
[Black "Han, Yifei"]
[Result "0-1"]
[WhiteElo "1472"]
[BlackElo "1408"]
[PlyCount "78"]
[GameId "2160767910900812"]
[EventDate "2005.07.30"]
[EventType "tourn"]
[EventRounds "5"]
[EventCountry "CAN"]
[SourceTitle "Scoresheets"]

1. d4 Nf6 2. Nf3 e6 3. Bg5 Be7 4. e3 b6 5. Nbd2 d5 6. Bd3 Bb7 7. c3 Nbd7 8. Ne5 Nxe5 9. dxe5 Nd7 10. Bf4 Nc5 11. Bc2 Ba6 12. Nf3 O-O 13. h4 h6 14. Ng5 hxg5 15. hxg5 g6 16. Qg4 Kg7 17. f3 Rh8 18. Rh6 Nd3+ 19. Bxd3 Bxd3 20. O-O-O Rxh6 21. gxh6+ Kh7 22. Rxd3 c5 23. e4 d4 24. Kb1 Qe8 25. cxd4 cxd4 26. Bc1 Rc8 27. Qf4 g5 28. Qh2 Qc6 29. Rc3 dxc3 30. Qh5 Qe8 31. f4 gxf4 32. Bxf4 c2+ 33. Kc1 Qg8 34. g4 Qg6 35. Qxg6+ Kxg6 36. g5 Bxg5 37. Bxg5 Kxg5 38. h7 Kf4 39. h8=Q Rxh8 0-1

[Event "Macskasy mem D"]
[Site "Vancouver CAN"]
[Date "2005.07.30"]
[Round "2.2"]
[White "Milner, Arie"]
[Black "Kirk, Adam"]
[Result "1-0"]
[WhiteElo "1511"]
[BlackElo "1449"]
[PlyCount "129"]
[GameId "2160767910900813"]
[EventDate "2005.07.30"]
[EventType "tourn"]
[EventRounds "5"]
[EventCountry "CAN"]
[SourceTitle "Scoresheets"]

1. e4 e5 2. Bc4 Nf6 3. Nc3 c6 4. d3 Bc5 5. f4 d6 6. Nf3 a5 7. a4 Ng4 8. Ng5 Qf6 9. Qf3 Be6 10. Nxe6 fxe6 11. Qxg4 Ke7 12. Rf1 d5 13. fxe5 Qxe5 14. Qg5+ Qxg5 15. Bxg5+ Ke8 16. exd5 exd5 17. Bb3 h6 18. Bh4 Nd7 19. Kd2 g5 20. Rae1+ Kd8 21. Bg3 Bb4 22. Kd1 d4 23. Kd2 c5 24. Ra1 Nb6 25. Rf6 Ra6 26. Rd6+ Nd7 27. Rxa6 bxa6 28. Re1 c4 29. Bxc4 Nc5 30. Be5 Rf8 31. Bxd4 Nxa4 32. Kd1 Nxb2+ 33. Kd2 Rf4 34. Be3 Nxc4+ 35. dxc4 Rxc4 36. Bb6+ Kd7 37. Re3 a4 38. Rd3+ Kc6 39. Bd4 a3 40. Kc1 Kb7 41. Na2 Bd6 42. Bg7 Bf4+ 43. Kb1 Re4 44. Rxa3 h5 45. Rb3+ Ka7 46. Nb4 a5 47. Nc6+ Ka6 48. Bd4 Bc7 49. c3 Re1+ 50. Kc2 Re2+ 51. Kd1 Rxg2 52. Nb8+ Bxb8 53. Rb6+ Ka7 54. Rb2+ Ka6 55. Rxg2 g4 56. Rb2 Bc7 57. c4 a4 58. Ra2 Ka5 59. Bc3+ Kb6 60. Rxa4 Kc5 61. Ke2 Bxh2 62. Ra5+ Kxc4 63. Rxh5 g3 64. Be5 Kd5 65. Bxg3+ 1-0

[Event "Macskasy mem D"]
[Site "Vancouver CAN"]
[Date "2005.07.30"]
[Round "2.3"]
[White "Raymer, Elliot"]
[Black "Chiang, Berthold"]
[Result "1-0"]
[WhiteElo "1579"]
[BlackElo "1428"]
[PlyCount "77"]
[GameId "2160767910900814"]
[EventDate "2005.07.30"]
[EventType "tourn"]
[EventRounds "5"]
[EventCountry "CAN"]
[SourceTitle "Scoresheets"]

1. e4 e6 2. d4 d5 3. exd5 exd5 4. c4 Nf6 5. Nc3 Bb4 6. Bd2 O-O 7. Nf3 Bg4 8. Be2 Re8 9. O-O c6 10. c5 Nbd7 11. a3 Ba5 12. b4 Bc7 13. a4 Ne4 14. Nxe4 Rxe4 15. Be3 Qe7 16. Bd3 Rxe3 17. fxe3 Qxe3+ 18. Kh1 Qh6 19. h4 Bxf3 20. Rxf3 Qxh4+ 21. Rh3 Qe7 22. Rxh7 Nf6 23. Rh3 Qe6 24. Qe1 Qxe1+ 25. Rxe1 Re8 26. Rxe8+ Nxe8 27. Bf5 Nf6 28. Re3 Kf8 29. Bc8 b6 30. Bb7 bxc5 31. bxc5 Bf4 32. Rb3 Ne4 33. Bxc6 Nxc5 34. dxc5 d4 35. Bd5 Ke7 36. Rb7+ Kd8 37. Rxf7 Be3 38. c6 d3 39. c7+ 1-0

[Event "Macskasy mem D"]
[Site "Vancouver CAN"]
[Date "2005.07.31"]
[Round "3.1"]
[White "Chiang, Berthold"]
[Black "Paulson, Stewart"]
[Result "0-1"]
[WhiteElo "1428"]
[BlackElo "1472"]
[PlyCount "114"]
[GameId "2160767910900815"]
[EventDate "2005.07.30"]
[EventType "tourn"]
[EventRounds "5"]
[EventCountry "CAN"]
[SourceTitle "Scoresheets"]

1. c4 Nf6 2. Nc3 e6 3. Nf3 Bb4 4. g3 Bxc3 5. bxc3 b6 6. Ba3 c5 7. Bg2 Bb7 8. O-O O-O 9. d4 d6 10. dxc5 dxc5 11. Nd4 Bxg2 12. Kxg2 Re8 13. Nb5 Qe7 14. Qc2 Nc6 15. Bc1 a6 16. Na3 Qb7 17. Kg1 Red8 18. Bg5 Qe7 19. Bxf6 Qxf6 20. Qe4 Ne7 21. Qb7 Rdb8 22. Qf3 Qe5 23. Rad1 Ra7 24. Rd3 Rf8 25. Rfd1 Ng6 26. Rd8 b5 27. Qc6 b4 28. Rxf8+ Nxf8 29. Rd8 Qc7 30. Qe8 Qe7 31. Qxe7 Rxe7 32. cxb4 cxb4 33. Nc2 Rc7 34. Nxb4 a5 35. Nd3 Rxc4 36. Ne5 Rc7 37. Ra8 f6 38. Nd3 Rc2 39. Rxa5 Rxe2 40. Nf4 Re1+ 41. Kg2 e5 42. Nd5 Kf7 43. Ra7+ Kg6 44. Ne7+ Kh5 45. h3 Ne6 46. g4+ Kg5 47. Kg3 Rg1+ 48. Kh2 Rf1 49. Kg2 Rc1 50. Nd5 Kh4 51. a4 Rc5 52. Ne7 Nf4+ 53. Kh2 g6 54. Ra6 Rc2 55. Rxf6 Rxf2+ 56. Kh1 Kxh3 57. a5 Rf1# 0-1

[Event "Macskasy mem D"]
[Site "Vancouver CAN"]
[Date "2005.07.31"]
[Round "3.2"]
[White "Kirk, Adam"]
[Black "Raymer, Elliot"]
[Result "0-1"]
[WhiteElo "1449"]
[BlackElo "1579"]
[PlyCount "56"]
[GameId "2160767910900816"]
[EventDate "2005.07.30"]
[EventType "tourn"]
[EventRounds "5"]
[EventCountry "CAN"]
[SourceTitle "Scoresheets"]

1. e4 e5 2. Nf3 Nc6 3. Bc4 Nf6 4. d3 Bc5 5. c3 d6 6. a4 a6 7. b4 Ba7 8. O-O O-O 9. Bg5 h6 10. Bh4 Be6 11. Nbd2 Bxc4 12. Nxc4 b5 13. Ne3 Bxe3 14. fxe3 Qe7 15. Ra2 Qe6 16. Qe2 Ne7 17. Bxf6 gxf6 18. Nh4 bxa4 19. Nf5 Nxf5 20. Rxf5 Kh7 21. Qf2 Qb3 22. Rxf6 Qb1+ 23. Qf1 Qxa2 24. Qf5+ Kg7 25. Rxh6 Qb1+ 26. Kf2 Qc2+ 27. Kg3 Rg8 28. Rh7+ Kf8+ 0-1

[Event "Macskasy mem D"]
[Site "Vancouver CAN"]
[Date "2005.07.31"]
[Round "3.3"]
[White "Han, Yifei"]
[Black "Milner, Arie"]
[Result "1-0"]
[WhiteElo "1408"]
[BlackElo "1511"]
[PlyCount "139"]
[GameId "2160767910900817"]
[EventDate "2005.07.30"]
[EventType "tourn"]
[EventRounds "5"]
[EventCountry "CAN"]
[SourceTitle "Scoresheets"]

1. e4 c6 2. Nc3 d5 3. d4 dxe4 4. Nxe4 Bf5 5. Nc3 e6 6. Nf3 Nd7 7. Bf4 Ngf6 8. Bd3 Bxd3 9. Qxd3 Qb6 10. Rb1 Bb4 11. O-O Be7 12. a3 Nh5 13. Be3 Qc7 14. Ne4 Nhf6 15. Nc3 Bd6 16. Ne4 Nxe4 17. Qxe4 Nf6 18. Qd3 Ng4 19. g3 Nxe3 20. fxe3 h6 21. Rbd1 O-O-O 22. c4 Kb8 23. c5 Bxc5 24. Ne5 f6 25. Ng6 Rhe8 26. Qc4 Bd6 27. Nf4 Bxf4 28. gxf4 Qb6 29. b4 Rc8 30. Kf2 Qb5 31. Qb3 Qh5 32. Rh1 Qh4+ 33. Ke2 Qg4+ 34. Kd2 Qg2+ 35. Kc1 Qd5 36. Qc3 Rc7 37. Rhg1 Qa2 38. Rh1 Rd7 39. h3 Red8 40. Rhg1 Rc7 41. h4 Rd5 42. Rd2 Qxd2+ 43. Qxd2 Rcd7 44. a4 Kc8 45. Rg3 Re7 46. Qg2 Rdd7 47. Rf3 Rd5 48. Qg6 a6 49. Rf2 Kc7 50. Rd2 Rd6 51. e4 Red7 52. Qg1 Kb8 53. Kc2 e5 54. fxe5 fxe5 55. Qg3 Ka7 56. Qxe5 Rd8 57. Qxg7 R8d7 58. Qg1 Ka8 59. e5 Re6 60. Qg8+ Ka7 61. Qxe6 Rd8 62. d5 cxd5 63. Rxd5 Rc8+ 64. Rc5 Rxc5+ 65. bxc5 a5 66. Qd6 h5 67. e6 b6 68. e7 Kb7 69. e8=Q bxc5 70. Qee7+ 1-0

[Event "Macskasy mem D"]
[Site "Vancouver CAN"]
[Date "2005.07.31"]
[Round "4.1"]
[White "Paulson, Stewart"]
[Black "Milner, Arie"]
[Result "1/2-1/2"]
[WhiteElo "1472"]
[BlackElo "1511"]
[PlyCount "92"]
[GameId "2160767910900818"]
[EventDate "2005.07.30"]
[EventType "tourn"]
[EventRounds "5"]
[EventCountry "CAN"]
[SourceTitle "Scoresheets"]

1. d4 c6 2. Nf3 d5 3. c3 Bf5 4. Bg5 Nd7 5. Nbd2 Qb6 6. Qb3 e6 7. e3 Bd6 8. Be2 Ngf6 9. Rc1 Qxb3 10. axb3 O-O 11. O-O Rac8 12. c4 a6 13. c5 Bb8 14. b4 Rfe8 15. Nh4 Bg6 16. Nxg6 hxg6 17. Rfe1 e5 18. Nb3 Bc7 19. Ra1 Ne4 20. Bh4 g5 21. Bg4 Rcd8 22. Bxd7 Rxd7 23. Bg3 Nxg3 24. hxg3 Rde7 25. Kf1 Re6 26. Ke2 exd4 27. Nxd4 Re4 28. Kd3 g6 29. Ra2 R4e7 30. b3 Be5 31. Rae2 Bxd4 32. exd4 Rxe2 33. Rxe2 Rxe2 34. Kxe2 Kg7 35. g4 Kf6 36. Ke3 Ke6 37. f4 gxf4+ 38. Kxf4 f6 39. g5 Kf7 40. g4 fxg5+ 41. Kxg5 Kg7 42. Kf4 Kf6 43. g5+ Ke6 44. Kg4 Kd7 45. Kf3 Kc7 46. Kf4 Kd7 1/2-1/2